Municipios de La Gomera en una mapa - Estadísticas

Estadísticas generales
  • Esta prueba ha sido intentada 151 veces
  • La puntuación promedio es 5 de 6
Respuestas en el mapa
Las respuestas están codificadas por una escala verde-roja en el mapa de la prueba según el % correcto abajo.
 
Estadísticas de respuestas
Municipio Población % Correcto
San Sebastián de La Gomera 9342
98%
Vallehermoso 2873
81%
Valle Gran Rey 4674
80%
Agulo 1085
75%
Hermigua 1795
73%
Alajeró 2029
69%
No se encontraron pruebas coincidentes
Distribución de puntuación
Porcentaje de gente con cada puntuación
Porcentaje por número respondido
Historial de tus puntuaciones
No has intentado esta prueba.